European Cup/Champions League winners' cities - Statistics

General Stats
  • This quiz has been taken 163 times
    48 since last reset
  • The average score is 18 of 22
Answer Stats
Answer % Correct
Liverpool
93%
London
93%
Madrid
93%
Manchester
93%
Milan
93%
Munich
93%
Barcelona
91%
Paris
91%
Lisbon
89%
Porto
89%
Amsterdam
86%
Dortmund
86%
Turin
84%
Marseille
82%
Glasgow
80%
Birmingham
77%
Bucharest
73%
Hamburg
73%
Nottingham
70%
Belgrade
66%
Rotterdam
66%
Eindhoven
59%
No matching quizzes found
Score Distribution
Percent of People with Each Score
Percentile by Number Answered
Your Score History
You have not taken this quiz since the last reset